[Event "ISR-chT (Women)"]
[Site "Tel Aviv"]
[Date "2021.10.29"]
[Round "2.4"]
[White "Feldman, Laora"]
[Black "Goldman, Evelin"]
[Result "1-0"]
[WhiteElo "1649"]
[BlackElo "1387"]
[PlyCount "71"]
[EventDate "2021.10.28"]
[EventType "team-swiss"]
[EventRounds "5"]
[EventCountry "ISR"]
[SourceTitle "CBM 204 Extra"]
[Source "ChessBase"]
[SourceDate "2021.11.30"]
[SourceVersion "1"]
[SourceVersionDate "2021.11.30"]
[SourceQuality "1"]
[WhiteTeam "Ashdod (W)"]
[BlackTeam "Haifa Nesher (W) II"]
[WhiteTeamCountry "ISR"]
[BlackTeamCountry "ISR"]

1. d4 d5 2. Nf3 Nc6 3. Bf4 Nf6 4. e3 a6 5. c3 Bf5 6. Nbd2 e6 7. Be2 h6 8. h3 Be7 9. 0-0 Qd7 10. Ne5 Qd8 11. Qa4 b5 12. Bxb5 axb5 13. Qxb5 0-0 14. Nxc6 Qd7 15. Nxe7+ Qxe7 16. Qe2 Rfe8 17. a4 c6 18. b4 Rac8 19. a5 Qb7 20. a6 Qb6 21. a7 Ra8 22. Ra6 Qb7 23. Rfa1 Re7 24. Bd6 Rd7 25. Bc5 Ne8 26. Rb6 Qc7 27. Rb8 Rxb8 28. a8Q Rxa8 29. Rxa8 Rd8 30. Ra7 Qc8 31. b5 cxb5 32. Qxb5 Nc7 33. Qa5 Na8 34. Be7 Rd7 35. Rxa8 Qxa8 36. Qxa8+ 1-0